| 000 | 00392nam a22001577a 4500 | ||
|---|---|---|---|
| 999 |
_c523478 _d523478 |
||
| 005 | 20190325061604.0 | ||
| 008 | 190325b ||||| |||| 00| 0 eng d | ||
| 022 | _a2218-2705 | ||
| 040 | _cNUST | ||
| 082 | _a658 | ||
| 110 |
_aSchool of Business and Economics _913918 |
||
| 245 | _aJournal of management and research | ||
| 260 |
_aLahore _c1/3/2014 |
||
| 300 | _a22 cm | ||
| 942 |
_cCR _2ddc |
||